00263nam a2200097Ia 4500008004100000082001400041100002000055245005800075260002000133600001200153241002s9999 xx 000 0 und d a923.2 FRA aFrankland, Mark 0aPolitical Leaders of the Twentieth Century Khrushchev aNew York:c1966 aHistory